Ropa nie je čo bývala existuje vzťah čierneho zlata s uvoľňovaním peňazí do obehu?

Najdôležitejšie faktory vplývajúce na cenu svetových aktív. Závislosť medzi kvantitatívnym uvoľnovaním a cenou ropy. Pokles hospodárskeho rastu a situácia na trhu s ropou. Porovnanie bilančnej sumy Fedu a cena ropy WTI.

Gespeichert in:
Bibliographische Detailangaben
1. Verfasser: Ižip, Ronald
Format: Buchkapitel
Sprache:Slowakisch
Schlagworte:
Tags: Tag hinzufügen
Keine Tags, Fügen Sie das erste Tag hinzu!

MARC

LEADER 00000naa a2200000 4500
001 0134239
005 20231019092046.0
041 0 |a slo 
044 |a SK 
245 1 0 |a Ropa nie je čo bývala  |b existuje vzťah čierneho zlata s uvoľňovaním peňazí do obehu?  |c Ronald Ižip 
520 |a Najdôležitejšie faktory vplývajúce na cenu svetových aktív. Závislosť medzi kvantitatívnym uvoľnovaním a cenou ropy. Pokles hospodárskeho rastu a situácia na trhu s ropou. Porovnanie bilančnej sumy Fedu a cena ropy WTI. 
610 2 0 |a komodity 
610 2 0 |a ropa 
610 2 0 |a benzín 
610 2 0 |a nafta 
610 2 0 |a rafinérie 
610 2 0 |a výrobky petrochemické 
610 2 0 |a spotreba 
610 2 0 |a trh svetový 
610 2 0 |a obchody burzové 
610 2 0 |a ceny burzové 
100 1 |a Ižip, Ronald